| LEADER | 00474nam a2200181Ia 4500 | ||
|---|---|---|---|
| 001 | CTU_80864 | ||
| 008 | 210402s9999 xx 000 0 und d | ||
| 082 | |a 668.4 | ||
| 082 | |b F593 | ||
| 100 | |a Fleck, H. R. | ||
| 245 | 0 | |a Plastics scientific and technological | |
| 245 | 0 | |c H. R. Fleck | |
| 260 | |a London | ||
| 260 | |b Temple Press Limited | ||
| 260 | |c 1951 | ||
| 650 | |a Plastics | ||
| 904 | |i Trọng Hải | ||
| 980 | |a Trung tâm Học liệu Trường Đại học Cần Thơ | ||